| 000 -LEADER |
| fixed length control field |
00742nam a22001817a 4500 |
| 005 - DATE AND TIME OF LATEST TRANSACTION |
| control field |
20231006112530.0 |
| 008 - FIXED-LENGTH DATA ELEMENTS--GENERAL INFORMATION |
| fixed length control field |
231006s1959 rm ||||| |||| 00| 0 rum d |
| 041 ## - LANGUAGE CODE |
| Language code of text/sound track or separate title |
rum |
| 080 ## - UNIVERSAL DECIMAL CLASSIFICATION NUMBER |
| Universal Decimal Classification number |
902 D-15 |
| 100 ## - MAIN ENTRY--PERSONAL NAME |
| Personal name |
Daicoviciu, Constantin |
| 9 (RLIN) |
20011 |
| 245 ## - TITLE STATEMENT |
| Title |
Sarmizegetusa: |
| Remainder of title |
cetățile și așezările dacice din Munții Orăștiei / |
| Statement of responsibility, etc. |
Constantin Daicoviciu, Hadrian Daicoviciu. |
| 264 ## - PRODUCTION, PUBLICATION, DISTRIBUTION, MANUFACTURE, AND COPYRIGHT NOTICE |
| Place of production, publication, distribution, manufacture |
Bucuresti, |
| Date of production, publication, distribution, manufacture, or copyright notice |
1959. |
| 300 ## - PHYSICAL DESCRIPTION |
| Extent |
40 p. : |
| Other physical details |
ill.; |
| Dimensions |
21 cm. |
| 653 ## - INDEX TERM--UNCONTROLLED |
| keyword |
სარმიზეგეტუსა |
| 653 ## - INDEX TERM--UNCONTROLLED |
| keyword |
დაკიის ციხესიმაგრეები და დასახლებები ორაშტიეს მთებში |
| 700 ## - ADDED ENTRY--PERSONAL NAME |
| Personal name |
Daicoviciu, Hadrian |
| Dates associated with a name |
ავტორი |
| 9 (RLIN) |
20012 |
| 942 ## - ADDED ENTRY ELEMENTS (KOHA) |
| Source of classification or shelving scheme |
|
| Koha item type |
წიგნი |